CAD trong điện, điện tử, cơ điện tử

Nội dung cung cấp cho người học những kiến thức và kỹ năng cơ bản nhất trong vẽ và thiết kế mạch in một lớp cũng như nhiều lớp qua 2 chương EDA rất phổ cập tại Việt Nam đó là Eagle và OrCAD.

Gorde:
Xehetasun bibliografikoak
Formatua: Liburua
Hizkuntza:Undetermined
Argitaratua: Thành phố Hồ Chí Minh Đại học Quốc gia Thành phố Hồ Chí Minh 2011
Gaiak:
Etiketak: Etiketa erantsi
Etiketarik gabe, Izan zaitez lehena erregistro honi etiketa jartzen!
Thư viện lưu trữ: Trung tâm Học liệu Trường Đại học Cần Thơ
LEADER 01048nam a2200205Ia 4500
001 CTU_203115
008 210402s9999 xx 000 0 und d
020 |c 66000 
082 |a 620.00420285 
082 |b C738/T.1 
245 0 |a CAD trong điện, điện tử, cơ điện tử 
245 0 |c Trần Thu Hà, Phạm Quang Huy (Biên soạn) 
260 |a Thành phố Hồ Chí Minh 
260 |b Đại học Quốc gia Thành phố Hồ Chí Minh 
260 |c 2011 
520 |a Nội dung cung cấp cho người học những kiến thức và kỹ năng cơ bản nhất trong vẽ và thiết kế mạch in một lớp cũng như nhiều lớp qua 2 chương EDA rất phổ cập tại Việt Nam đó là Eagle và OrCAD. 
650 |a Auto CAD ( Chương trình máy tính ),Đồ họa máy tính,AutoCAD ( Computer programs ),Computer graphics 
904 |i Tuyến 
910 |a Khoa 
980 |a Trung tâm Học liệu Trường Đại học Cần Thơ